| 000 | 00999 a2200217 4500 | ||
|---|---|---|---|
| 001 | 63041 | ||
| 005 | 20260407155925.0 | ||
| 008 | 260407a1987 arg spa d | ||
| 003 | AR-UNSa-BCEJYS | ||
| 040 |
_aAR-UNSa-BCEJYS _bspa _cAR-UNSa-BCEJYS |
||
| 080 |
_a37.013 _xTeoría general de la educación. Principios de la actividad pedagógica. Pedagogía práctica |
||
| 245 | 1 | 0 |
_aEducación y palabra _p(Ensayo sobre Quintiliano) |
| 020 | _a978-950-508-220-9 | ||
| 264 | 1 |
_aBuenos Aires : _bAstrea _c1987 |
|
| 300 |
_a148 p. _c20 cm. |
||
| 505 | _a 1. Marco Fabio Quintiliano - 2. La pedagogía – 3. Entrada en la retórica – 4. De la invención – 5. Principios de la elocución – 6. La acción – 7. De los afectos – 8. Quintiliano como precursor de la tipología psicoverbal – 9. Crítica literaria – 10. Retórica y filosofía – 11. Retórica y derecho | ||
| 041 | _aspa | ||
| 942 | _cBK | ||
| 590 | _aniveau_biblio:m niveau_hierar:0 | ||
| 100 | 1 | _aFernández, Alberto Vicente | |
| 999 |
_c7942 _d7942 |
||